000 00313nam a22001337a 4500
008 170926b xxu||||| |||| 00| 0 eng d
020 _a9780312247386
041 _aeng
080 _24TH
_a37
100 _a46
101 _aEDU
245 _aCONTEMPORARY LINGUISTICS AN INTRODUCTION
_cO'GRADY,W
942 _2udc
_cBK
999 _c29954
_d29954